| 000 | 01191cam a22002891i 4500 | ||
|---|---|---|---|
| 003 | SA-RiAUC | ||
| 005 | 20241214080359.0 | ||
| 008 | 241214s1999 su g f00000 ara c | ||
| 040 |
_aAE-AdMPA _bara _cSA-RiAUC _erda |
||
| 043 | _aa-su--- | ||
| 082 | 0 | 0 | _a218. 31 |
| 082 | 0 | 4 | _a215.1 |
| 090 |
_a215.1 _bا ب ن د |
||
| 100 | 1 |
_aابن دهيش، عبد اللطيف بن عبد الله، _d1943- _eمؤلف. |
|
| 245 | 1 | 0 |
_aعمارة المسجد الحرام والمسجد النبوي في العهد السعودي / _cتأليف عبد اللطيف بن عبد الله بن دهيش. |
| 264 | 1 |
_aالرياض : _bمكتبة الملك فهد، _c1999 |
|
| 300 |
_a488 صفحة ؛ _c24 سم |
||
| 336 |
_aنص _btxt _2rdacontent _3كتاب |
||
| 337 |
_aبدون وسيط _bn _2rdamedia |
||
| 338 |
_aمجلد _bnc _2rdacarrier |
||
| 610 | 2 | 7 |
_aالمسجد النبوي الشريف _2aucnm |
| 610 | 2 | 7 |
_aالمسجد الحرام _2aucnm |
| 650 | 7 |
_aالعمارة الإسلامية _zالمدينة المنورة _2aucsh |
|
| 650 | 7 |
_aالعمارة الإسلامية _zمكة المكرمة _2aucsh |
|
| 942 |
_2ddc _cBOOK _n0 |
||
| 949 |
_aSA-JeALM _d241214 _umohamedma123 _n1 |
||
| 999 |
_c3477 _d3477 |
||